| 000 | 00799nam a2200265Ia 4500 | ||
|---|---|---|---|
| 003 | OSt | ||
| 005 | 20220928125006.0 | ||
| 006 | a|||||r|||| 00| 0 | ||
| 007 | ta | ||
| 008 | 220927b |||||||| |||| 00| 0 eng d | ||
| 020 | _c3495 | ||
| 024 | _a116301 | ||
| 037 |
_b79, 17/08/2012, Onkar Book Agency _cTextual |
||
| 040 |
_aSDCL _cSDCL _beng |
||
| 041 |
_2eng _aeng |
||
| 082 | _aL:5238, Q2 | ||
| 100 |
_aJoshi V.K _9467461 |
||
| 245 | 0 |
_aFood biotechnology _b Principles and practices. |
|
| 260 |
_aNew Delhi _bI.K international Publishing House _c2012 |
||
| 300 |
_axvi,920p. _ccm. |
||
| 650 | _aMicrobiology | ||
| 700 |
_a Singh R.S Ed. _9467462 |
||
| 942 |
_hL:5238, Q2 _cTEXL _2CC |
||
| 999 |
_c780310 _d780310 |
||